| 000 | 00835nam a22002415i 4500 | ||
|---|---|---|---|
| 001 | 183202 | ||
| 003 | ES-MaACL | ||
| 005 | 20250812053012.0 | ||
| 008 | 140129s1991 sp | |||| ||spa d | ||
| 020 | _a84-7774-544-7 | ||
| 080 | _a929 Cézanne, Paul | ||
| 100 | 1 |
_aCézanne, Paul, _d1839-1906 _9240803 |
|
| 245 | 1 | 0 |
_aCorrespondencia / _cPaul Cézanne ; edición de John Rewald ; [traducción de Bernardo Moreno Carrillo]. |
| 260 |
_aMadrid : _bVisor, _cD.L. 1991. |
||
| 300 |
_a424 p. ; _c22 cm. |
||
| 490 | 1 |
_aLa balsa de la Medusa ; _v44 |
|
| 600 | 1 | 4 |
_aCézanne, Paul, _d1839-1906 _9240803 |
| 700 | 0 |
_aRewald, John. _996477 |
|
| 700 | 0 |
_aMoreno Carrillo, Bernardo. _983341 |
|
| 830 | 0 | 3 |
_aLa balsa de la Medusa _v44 _9178610 |
| 852 |
_aES-MaACL _jL-30032 _z.- Donat. Miguel A. Velasco |
||
| 999 |
_c183202 _d183202 |
||